000 00463nam a2200193Ia 4500
005 20250603145106.0
008 250603s9999 xx 000 0 und d
020 _a9780205153541
050 _aJZ 1242 .B68/
100 _aBova, Russell
245 0 _aHow the world works : a brief survey of international relations
250 _a2nd ed.
260 _aBoston
260 _bLongman
260 _c2012
300 _a318 p
650 _aBoston
942 _cBK
999 _c40844
_d40844